Normal view
MARC view
- COMPRENSION (TEORÍA DEL CONOCIMIENTO)
Entry Materia
001 - NÚMERO DE CONTROL DEL REGISTRO
- campo de control: 43703
003 - IDENTIFICADOR DE NUMERO DE CONTROL
- campo de control: UPN
005 - FECHA Y HORA DE LA ÚLTIMA TRANSACCIÓN
- campo de control: 20220214095323.0
008 - DATOS DE LONGITUD FIJA
- campo de control de longitud fija: 220214|| aca||babn | a|a d
040 ## - FUENTE DE LA CATALOGACIÓN
- Centro catalogador de origen: UPN
- Lengua de catalogación: spa
- Agencia de transcripción: UPN
046 ## - FECHAS CON CODIFICACIÓN ESPECIAL
- Fecha final para contenidos agregados: 140222
150 ## - ENCABEZAMIENTO - TEMÁTICO
- Término de materia o nombre geográfico como elemento inicial: COMPRENSION (TEORÍA DEL CONOCIMIENTO)
